Countries with the Fewest Billionaires per Capita - Statistics

General Stats
  • This quiz has been taken 22 times
  • The average score is 13 of 20
Answer Stats
# Per Capita Country % Correct
3 0.014 Nigeria
95%
169 0.103 India
89%
6 0.059 Egypt
84%
29 0.056 Indonesia
79%
1 0.022 Algeria
74%
5 0.109 Argentina
74%
4 0.079 Colombia
74%
1 0.028 Morocco
74%
2 0.061 Peru
74%
14 0.136 Philippines
74%
1 0.031 Angola
68%
14 0.095 Mexico
68%
1 0.033 Nepal
63%
5 0.084 South Africa
63%
1 0.017 Tanzania
58%
1 0.035 Venezuela
58%
6 0.041 Vietnam
53%
1 0.063 Zimbabwe
47%
2 0.104 Romania
37%
1 0.103 Hungary
16%
No matching quizzes found
Score Distribution
Percent of People with Each Score
Percentile by Number Answered
Your Score History
You have not taken this quiz